ALADIN-Based Distributed Model Predictive Control Design

Na minha lista:
Detalhes bibliográficos
Autor principal: Fodor, Richard (Author)
Outros Autores: Oravec, Juraj (Thesis advisor)
Formato: Manuscrito Livro
Idioma:eslovaco
inglês
Publicado em: 2024
Assuntos:
Acesso em linha:http://is.stuba.sk/zp/portal_zp.pl?podrobnosti=176627
Tags: Adicionar Tag
Sem tags, seja o primeiro a adicionar uma tag!

MARC

LEADER 00000ntm a22000003a 4500
001 stuzp99123
003 SK-STU
005 20240601210501.0
007 ta
008 150427s2015----xo-----f-mn---000-0-slo-d
040 |a STU  |b slo 
041 0 |a eng 
100 1 |a Fodor, Richard  |u 047000  |4 aut  |U FCHPT Fakulta chemickej a potravinárskej technológie  |T FCHPT Ústav informatizácie, automatizácie a matematiky  |X 104292  |U C7000  |Y 105  |7 104292 
242 0 1 |a Návrh distribuovaného prediktívneho riadenia pomocou metódy ALADIN  |y slo 
245 1 0 |a ALADIN-Based Distributed Model Predictive Control Design 
260 |c 2024 
650 4 |a prediktívne riadenie založené na modeli  |2 slo 
650 4 |a distribuovaná optimalizácia  |2 slo 
650 4 |a ALADIN  |2 slo 
650 4 |a Distributed Optimisation  |2 eng 
650 4 |a ALADIN  |2 eng 
650 4 |a Model Predictive Control  |2 eng 
700 1 |a Oravec, Juraj  |u 047220  |k Z1  |4 ths  |U FCHPT Ústav informatizácie, automatizácie a matematiky  |T FCHPT Oddelenie informatizácie a riadenia procesov  |X 26399  |U C7220  |Y 121  |7 A000026399 
856 4 |u http://is.stuba.sk/zp/portal_zp.pl?podrobnosti=176627